| 000 | 00482nam a22001817a 4500 | ||
|---|---|---|---|
| 008 | 150702s2009 ch ||||| |||| 00| 0 chi d | ||
| 020 | _a9789575466534 (上): | ||
| 020 | _a9789575466572 (下): | ||
| 041 | 0 | _achi | |
| 050 | _aBT83.57 | ||
| 100 | 1 | _a武金正 | |
| 245 | 1 | 0 |
_a解放神學 : _b脈絡中的詮釋 / _c武金正著 |
| 250 | _a初版 | ||
| 260 |
_a台北市 : _b光啟文化, _c2009[民98] |
||
| 300 | _a241面 | ||
| 490 | _a輔大神學叢書 | ||
| 942 |
_2lcc _cBK |
||
| 999 |
_c39043 _d39043 |
||